000 01259cab a22002055a 4500
001 L151556
008 101117e2010 xxk 000 0 eng d
035 _a(Sirsi) u151556
041 0 _aeng
100 1 _aUnger, Paul
245 0 0 _aMarkets
_bnorth-west
260 _c2010
490 0 _aProperty Week
_v76(45) 12 November 2010, 43-58(5)
520 _aFate of Blackpool, Fylde & Wyre Development Company threatens Blackpool's regeneration strategy. Looks at positive developments affecting stalled retail schemes across the region. Segro reports success in its void reduction strategy at Trafford Park, one of the region's largest industrial estates. Increased office and industrial lettings at Manchester Airport point to a recovering regional economy. North-west shed market is being restricted by a lack of new stock in all size brackets. Jones Lang LaSalle reports that the north-west residential land market has recovered after 18 transaction-less months. Development has started at Hope Mill, a former Modus scheme outside Bury.
590 _aKA
651 4 _aEngland
_y886-
690 _aPROPERTY-COMMERCIAL PROPERTY-COMMERCIAL PROPERTY MARKET
690 _aPROPERTY-COMMERCIAL PROPERTY-COMMERCIAL PROPERTY FINANCE AND INVESTMENT
942 _n0
999 _c82823
_d82823